000 00665nam a2200277Ia 4500
005 20260121124823.0
008 008 260114s9999 xx 000 0 eng d
020 _a9780674074163
037 _aEBOOK
040 _aCRL
040 _beng
040 _cCRL
041 _2eng
041 _aeng
084 _qCRL
100 _aDevji, Faisal
_9982556
245 0 _aMuslim Zion: Pakistan as a Political Idea
260 _bWalter de Gruyter
260 _bWalter de Gruyter
260 _c2013
650 _aHistory
_9982557
856 _uhttp://www.degruyter.com/isbn/9780674074163
942 _cEBOOK
999 _c1557380
_d1557380